| Tag |
First Indicator |
Second Indicator |
Subfields |
| LEADER |
00000pam a2200000 a 4500 |
| 001 |
in00000050040 |
| 005 |
20201128063703.0 |
| 008 |
800919s1981 nyua j 00010 engm |
| 010 |
|
|
|a 80022854
|
| 020 |
|
|
|a 082340384X
|
| 020 |
|
|
|a 0823403858 (pbk.)
|
| 035 |
|
|
|a (OCoLC)06789501
|
| 035 |
|
|
|9 AAF4089AM
|
| 040 |
|
|
|a DLC
|c DLC
|d m.c.
|d TXA
|d UtOrBLW
|
| 043 |
|
|
|a e-ie---
|a e-uk-ni
|
| 049 |
|
|
|a [Curr Col] TXAM
|c [1362440]
|
| 050 |
0 |
0 |
|a PZ8.1 D43
|b Fi
|
| 082 |
0 |
|
|a 398.2/2/09415
|a E
|2 19
|
| 100 |
1 |
|
|a DePaola, Tomie,
|d 1934-2020.
|
| 245 |
1 |
0 |
|a Fin M'Coul :
|b the giant of Knockmany Hill /
|c retold and illustrated by Tomie de Paola.
|
| 264 |
|
1 |
|a New York :
|b Holiday House,
|c [1981]
|
| 264 |
|
4 |
|c ©1981
|
| 300 |
|
|
|a 32 unnumbered pages :
|b color illustrations ;
|c 29 cm.
|
| 336 |
|
|
|a text
|b txt
|2 rdacontent
|
| 337 |
|
|
|a unmediated
|b n
|2 rdamedia
|
| 338 |
|
|
|a volume
|b nc
|2 rdacarrier
|
| 520 |
|
|
|a Fin M'Coul's wife, Oonagh, helps him outwit his arch rival, Cucullin.
|
| 600 |
0 |
0 |
|a Finn MacCumhaill,
|d active 3rd century
|x Legends.
|
| 650 |
|
1 |
|a Folklore
|z Ireland.
|
| 650 |
|
0 |
|a Giants
|v Fiction.
|
| 999 |
|
|
|a MARS
|
| 999 |
f |
f |
|s 6ea46a9a-420c-322e-b347-3c10daee5d17
|i 2a9cd103-0b9e-33bf-bf26-10d5af278d07
|t 0
|
| 952 |
f |
f |
|p normal
|a Texas A&M University
|b College Station
|c Sterling C. Evans Library
|d Evans: Curriculum Collection (4th floor)
|t 0
|e PZ8.1 D43 Fi
|h Library of Congress classification
|i unmediated -- volume
|m A14805939730
|
| 998 |
f |
f |
|a PZ8.1 D43 Fi
|t 0
|l Evans: Curriculum Collection (4th floor)
|